| 000 | 00538 a2200193 4500 | ||
|---|---|---|---|
| 003 | OSt | ||
| 005 | 20180116182921.0 | ||
| 008 | 160909b xxu||||| |||| 00| 0 eng d | ||
| 020 | _a9695190731 | ||
| 040 | _c0 | ||
| 082 | _a291.82 NOV 2004 | ||
| 100 | _aNovak,Philip. | ||
| 245 |
_aThe World's Wisdom : _cPhilip Novak. _bSacred texts of the world's religions |
||
| 260 |
_aLahore. _bSuhail Academy. _c2004. |
||
| 300 |
_a425p. _bHB. |
||
| 440 | _aThe World's Wisdom : | ||
| 500 | _aHardcover. | ||
| 942 |
_aNBS _cBK _k291.82 NOV 2004 _2ddc |
||
| 999 |
_c348440 _d348440 |
||